Globalizácia a kríza sociálneho kapitálu na strednom Východe
Enregistré dans:
| Auteur principal: | |
|---|---|
| Format: | Chapitre de livre |
| Langue: | slovaque |
| Tags: |
Pas de tags, Soyez le premier à ajouter un tag!
|
MARC
| LEADER | 00000naa$a2200000$$$4500 | ||
|---|---|---|---|
| 001 | 0184132 | ||
| 005 | 20240502073145.1 | ||
| 041 | 0 | |a slo | |
| 044 | |a SK | ||
| 245 | 1 | 0 | |a Globalizácia a kríza sociálneho kapitálu na strednom Východe |c Karol R. Sorby |
| 100 | 1 | |a Sorby, Karol R. | |